Regulatory Reform (Business Tenancies) (England and Wales) Order 2003 (Record no. 103439)
[ view plain ]
| 000 -LEADER | |
|---|---|
| fixed length control field | 01492cad a22002175a 4500 |
| 001 - CONTROL NUMBER | |
| control field | L125592 |
| 008 - FIXED-LENGTH DATA ELEMENTS--GENERAL INFORMATION | |
| fixed length control field | 040325s2003 xxk l f000 0 eng u |
| 020 ## - INTERNATIONAL STANDARD BOOK NUMBER | |
| International Standard Book Number | 0110482409 |
| 035 ## - SYSTEM CONTROL NUMBER | |
| System control number | (Sirsi) u125592 |
| 041 ## - LANGUAGE CODE | |
| Language code of text/sound track or separate title | eng |
| 245 00 - TITLE STATEMENT | |
| Title | Regulatory Reform (Business Tenancies) (England and Wales) Order 2003 |
| Medium | [electronic resource] |
| 260 ## - PUBLICATION, DISTRIBUTION, ETC. | |
| Place of publication, distribution, etc. | London |
| Name of publisher, distributor, etc. | HMSO |
| Date of publication, distribution, etc. | 2003 |
| 490 ## - SERIES STATEMENT | |
| Series statement | SI |
| Volume/sequential designation | 2003: 3096 |
| 520 ## - SUMMARY, ETC. | |
| Summary, etc. | Comes into force 1 June 2004. Amends the Landlord and Tenant Act 1954 Part II. Includes changes to renewal and termination procedures, sets new time limits for court applications, widens the circumstances in which landlord and tenant can operate the statutory procedures of Part II, extends the scope of interim rent procedures, amends compensation provisions, changes procedures for contracting out and agreements to surrender, increases the categories of information which a landlord and tenants must provide to each other towards the end of a tenancy term and outlines what must be included in tenants' notices of termination. Full details of changes are outlined in Explanatory Note. View at www.hmso.gov.uk. |
| 650 ## - SUBJECT ADDED ENTRY--TOPICAL TERM | |
| Topical term or geographic name entry element | BUSINESS TENANCIES |
| 650 ## - SUBJECT ADDED ENTRY--TOPICAL TERM | |
| Topical term or geographic name entry element | LANDLORD AND TENANT ACT 1954 PART II |
| 650 ## - SUBJECT ADDED ENTRY--TOPICAL TERM | |
| Topical term or geographic name entry element | REGULATORY REFORM (BUSINESS TENANCIES) (ENGLAND AND WALES) ORDER 2003 |
| 690 ## - LOCAL SUBJECT ADDED ENTRY--TOPICAL TERM (OCLC, RLIN) | |
| Topical term or geographic name as entry element | LANDLORD AND TENANT-BUSINESS TENANCIES |
| 856 ## - ELECTRONIC LOCATION AND ACCESS | |
| Uniform Resource Identifier | <a href="https://www.legislation.gov.uk/uksi/2003/3096/contents/made">https://www.legislation.gov.uk/uksi/2003/3096/contents/made</a> |
| Public note | View the SI free of charge at www.legislation.gov.uk |
| 942 ## - ADDED ENTRY ELEMENTS (KOHA) | |
| Suppress in OPAC | 0 |
| Withdrawn status | Lost status | Source of classification or shelving scheme | Damaged status | Not for loan | Home library | Current library | Shelving location | Date acquired | Total Checkouts | Full call number | Barcode | Date last seen | Copy number | Price effective from | Koha item type |
|---|---|---|---|---|---|---|---|---|---|---|---|---|---|---|---|
| Dewey Decimal Classification | Virtual | Virtual | Online | 25/03/2004 | ONLINE PUBLICATION | 125592-2001 | 06/08/2019 | 1 | 06/08/2019 | Book |